[Event "ch-BLR"]
[Site "Minsk BLR"]
[Date "2008.01.20"]
[Round "11"]
[White "Teterev,V"]
[Black "Stupak,K"]
[Result "0-1"]
[WhiteElo "2507"]
[BlackElo "2412"]

1.Nf3 d5 2.g3 g6 3.Bg2 Bg7 4.O-O e5 5.d3 Ne7 6.e4 O-O 7.Nbd2 Nbc6 8.c3 a5
9.Re1 a4 10.Rb1 h6 11.b4 axb3 12.axb3 d4 13.Qc2 dxc3 14.Qxc3 b5 15.Bb2 Be6
16.Qc5 Qxd3 17.Bf1 Qd6 18.Qxd6 cxd6 19.Bxb5 Rfb8 20.Bc4 Bxc4 21.bxc4 Nb4
22.Bc3 Nd3 23.Rxb8+ Rxb8 24.Ra1 Nc5 25.Ra7 Nc6 26.Rc7 Rb6 27.Rc8+ Bf8 28.Ra8 Kg7
29.Ra2 Be7 30.Kf1 Bd8 31.Ke2 Rb8 32.Ra1 Bb6 33.h3 Rc8 34.Ra2 Ne6 35.Ra6 Rb8
36.Ra3 Kf8 37.Rb3 Ke7 38.Rb5 Kd7 39.Rb1 Kc7 40.Nf1 Ra8 41.Ra1 Rxa1 42.Bxa1 Na5
43.N1d2 Kc6 44.Bc3 Kc5 45.Kd3 Kc6 46.Ke2 Nc5 47.Nh2 Na4 48.Bxa5 Bxa5 49.Ng4 h5
50.Nh6 f6 51.g4 h4 52.Nf3 g5 53.Ng8 Bd8 54.Nd2 Nc5 55.Kf1 Nd3 56.Kg2 Kc5
57.Nh6 Nf4+ 58.Kh2 Kd4 59.Nf5+ Kd3 60.Nb1 Kxc4 61.Nxd6+ Kd3 62.Na3 Be7 63.Nab5 Ke2
64.Nf5 Bc5 65.Nc7 Bxf2 66.Nd5 Kf3 67.Nxf6 Bg3+ 68.Kg1 Nxh3+ 69.Kf1 Nf2 70.Nh7 Nxe4
71.Kg1 h3 72.Kh1 Nf2+  0-1

[Event "6th Gibtelecom Masters"]
[Site "Gibraltar ENG"]
[Date "2008.01.22"]
[Round "1"]
[White "Hickman,J"]
[Black "Erichsen,D"]
[Result "1-0"]
[WhiteElo "2009"]
[BlackElo "2169"]

1.Nf3 d5 2.g3 c6 3.Bg2 Nf6 4.O-O Bg4 5.d3 Nbd7 6.Nbd2 e5 7.e4 d4 8.h3 Bh5
9.Qe1 Qc7 10.Nh4 g5 11.Nf5 O-O-O 12.Nc4 h6 13.b4 Nb6 14.Nxb6+ Qxb6 15.Bd2 Ne8
16.a4 Nc7 17.Qb1 f6 18.Rc1 Bf7 19.c4 dxc3 20.Bxc3 c5 21.b5 a6 22.bxa6 Qxb1
23.Raxb1 bxa6 24.Rb6 Be6 25.Bf1 Kd7 26.Rb7 Kc6 27.Rcb1 Nb5 28.Ba5 Kxb7 29.Bxd8 Kc8
30.Bxf6 Rh7 31.axb5 Rb7 32.b6 Bxf5 33.exf5 Bd6 34.d4  1-0

[Event "Open"]
[Site "Marianske Lazne CZE"]
[Date "2008.01.22"]
[Round "5"]
[White "Jiruse,J"]
[Black "Snorek,M"]
[Result "0-1"]
[WhiteElo "2159"]
[BlackElo "2098"]

1.Nf3 d5 2.g3 c6 3.Bg2 Nf6 4.O-O Bf5 5.d4 h6 6.c4 e6 7.Nc3 Nbd7 8.cxd5 exd5
9.Qb3 Qb6 10.Qxb6 axb6 11.Bf4 Bb4 12.Rfc1 O-O 13.h3 Rfe8 14.g4 Be4 15.a3 Bxc3
16.Rxc3 b5 17.Bd6 Re6 18.Bb4 g5 19.Bf1 Kg7 20.Nd2 Bg6 21.f3 h5 22.Kf2 Nb6
23.b3 Nfd7 24.Bg2 Rae8 25.Re1 Nf6 26.e3 hxg4 27.hxg4 Ng8 28.Nf1 Nh6 29.Ng3 Rf6
30.Ke2 Nd7 31.Rh1 Rfe6 32.Kd2 Nb8 33.Re1 Na6 34.Ba5 c5 35.Rcc1 b4 36.dxc5 bxa3
37.Bc3+ f6 38.Ra1 Nxc5 39.Rxa3 Rb6 40.b4 Nd3 41.Rea1 Ne5 42.Bxe5 fxe5 43.Rb3 Rc8
44.Rc1 Rxc1 45.Kxc1 Rc6+  0-1

[Event "115th ch-NZL"]
[Site "Auckland NZL"]
[Date "2008.01.23"]
[Round "11"]
[White "Goodhue,N"]
[Black "Smith,Ro"]
[Result "0-1"]
[WhiteElo "2083"]
[BlackElo "2333"]

1.g3 d5 2.Nf3 Nf6 3.Bg2 g6 4.O-O Bg7 5.d4 O-O 6.Ne5 c6 7.c3 Bf5 8.Nd2 Nbd7
9.Ndf3 Be4 10.Bg5 h6 11.Be3 Nxe5 12.Nxe5 Bxg2 13.Kxg2 Ne8 14.Nd3 Nd6 15.f3 Nc4
16.Bc1 a5 17.b3 Nd6 18.a4 b6 19.Qc2 Rc8 20.Be3 h5 21.Rfe1 Re8 22.Rad1 Qd7
23.Ne5 Qe6 24.Bg1 c5 25.f4 Red8 26.Nf3 Qe4 27.Qb2 h4 28.Rd2 hxg3 29.hxg3 Nf5
30.e3 Bf6 31.b4 axb4 32.cxb4 c4 33.Qc2 c3 34.Rde2 Nd6 35.Ra1 Rc4 36.a5 Rxb4
37.Qxc3 bxa5 38.Kf2 Rc8 39.Qd2 Nc4 40.Qc2 Qxc2 41.Rxc2 Rcb8 42.Nd2 Rb2 43.Ra2 Rxc2
44.Rxc2 Nxd2 45.Rxd2 a4 46.Ra2 Ra8 47.Ke2 e6 48.Bf2 Be7 49.Be1 Kf8 50.Kd3 Ke8
51.Bc3 Kd7 52.Rh2 a3 53.Rh7 a2 54.Rh1 Kc6 55.Ba1 Ra3+ 56.Ke2 Bb4 57.Rc1+ Kb5
58.Rc8 Ka4 59.g4 Rb3 60.Ra8+ Ba5 61.g5 Rb5 62.Kd3 Kb3 63.Ra7 Bb4 64.Rxf7 Ba3
65.Rg7 Bb2 66.Rxg6 Bxa1 67.Rxe6 Bc3 68.Ra6 Ra5 69.Rb6+ Bb4  0-1

[Event "6th Gibtelecom Masters"]
[Site "Gibraltar ENG"]
[Date "2008.01.23"]
[Round "2"]
[White "Foisor,C"]
[Black "Flores Chico,J"]
[Result "1-0"]
[WhiteElo "2412"]
[BlackElo "2092"]

1.Nf3 d5 2.g3 Nc6 3.Bg2 Bg4 4.h3 Bf5 5.d3 e5 6.Nc3 Be7 7.O-O Be6 8.e4 d4
9.Nd5 Bxd5 10.exd5 Qxd5 11.Re1 Qd6 12.Qe2 f6 13.Nh4 g6 14.Bd2 O-O-O 15.b4 Bf8
16.f4 Bg7 17.a4 Nge7 18.b5 Nb4 19.fxe5 fxe5 20.Qg4+ Kb8 21.Qf3 Nbd5 22.Bg5 Rhf8
23.Qe4 Rd7 24.Rf1 Nc8 25.Kh2 Qe6 26.a5 Rxf1 27.Rxf1 c6 28.bxc6 Qxc6 29.Rf2 Qe6
30.Bd2 Nde7 31.Nf3 Nd6 32.Qe1 Nf7 33.Qb1 Nf5 34.Re2 h5 35.h4 Re7 36.Bh3 Qc6
37.Bg2 Qe6 38.c4 Bh6 39.Bh3 Bxd2 40.Nxd2 g5 41.Rf2 g4 42.Bg2 Ne3 43.Ne4 Nxg2
44.Kxg2 Qa6 45.Qb4 Qe6 46.a6 Nd8 47.Rf8 Qd7  1-0

[Event "6th Gibtelecom Masters"]
[Site "Gibraltar ENG"]
[Date "2008.01.23"]
[Round "2"]
[White "Karlsson,L"]
[Black "Wang Hao"]
[Result "0-1"]
[WhiteElo "2488"]
[BlackElo "2665"]

1.g3 d5 2.Nf3 Bg4 3.Bg2 Nd7 4.d4 e6 5.O-O Ngf6 6.c4 c6 7.b3 Be7 8.Bb2 O-O
9.Nbd2 a5 10.a3 b5 11.c5 Qc7 12.b4 a4 13.Qc2 Bf5 14.Qc3 Ne4 15.Nxe4 Bxe4
16.Bh3 Bf5 17.Bxf5 exf5 18.Bc1 Nf6 19.Bf4 Qd7 20.Qc2 h6 21.Rae1 Rfe8 22.Ne5 Qe6
23.f3 Rad8 24.Bc1 Bf8 25.h3 g6 26.g4 fxg4 27.hxg4 Bg7 28.Kg2 h5 29.Rh1 hxg4
30.Bg5 Rc8 31.Qd2 Qf5 32.Bxf6 gxf3+ 33.exf3 Qxf6 34.Rh3 Re6 35.Qd3 Rce8 36.Reh1 Qf4
37.Rh4 Bxe5 38.Rxf4 Bxf4 39.Rh4 Re2+ 40.Kf1 Bg3 41.Re4 Rf2+ 42.Kg1 dxe4 43.fxe4 Bh4
44.Kh1 Rf4 45.d5 Rexe4  0-1

[Event "6th ch-PriFO Men"]
[Site "Kazan RUS"]
[Date "2008.01.24"]
[Round "2"]
[White "Naumov,F"]
[Black "Vasenev,S1"]
[Result "1/2-1/2"]
[WhiteElo "2098"]
[BlackElo "2328"]

1.Nf3 d5 2.g3 Nf6 3.Bg2 Bf5 4.O-O Nbd7 5.d3 e5 6.Nbd2 Bc5 7.c3 c6 8.Nh4 Be6
9.Nb3 Bb6 10.e4 dxe4 11.dxe4 g6 12.Qe2 Qe7 13.Be3 Ng4 14.Bxb6 axb6 15.Nd2 O-O
16.b3 Qc5 17.Nc4 b5 18.Ne3 Nxe3 19.Qxe3 Qxe3 20.fxe3 Ra3 21.Rfd1 Rfa8 22.Nf3 Rxa2
23.Rxa2 Rxa2 24.Ng5 Bg4 25.Bf3 Bxf3 26.Rxd7 Ra1+ 27.Kf2 Bd1 28.Nxf7 Ra2+
29.Kg1 Bxb3 30.Nxe5 Be6 31.Rxb7 Bh3 32.Nxc6 Rc2 33.Ne7+ Kf7 34.Nd5+ Kf8 35.Rxh7 Be6
36.Rb7 Rd2 37.Rxb5 Bg4 38.Rb8+ Kf7 39.Rb7+ Kf8 40.Rb1 Bf3 41.Rb4 g5 42.h4 g4
43.Rb8+ Kf7 44.Rb7+ Ke6 45.Re7+ Kd6 46.Re6+ Kd7 47.Re5 Rd1+  1/2-1/2

[Event "6th Gibtelecom Masters"]
[Site "Gibraltar ENG"]
[Date "2008.01.25"]
[Round "4"]
[White "Astaneh Lopez,A"]
[Black "Szabo,Krisz1"]
[Result "1/2-1/2"]
[WhiteElo "2346"]
[BlackElo "2500"]

1.Nf3 d5 2.g3 Nf6 3.Bg2 c6 4.O-O Bg4 5.d4 Nbd7 6.Nbd2 e6 7.h3 Bh5 8.a4 a5
9.b3 Be7 10.Ne5 Nxe5 11.dxe5 Nd7 12.Bb2 f6 13.exf6 Bxf6 14.Bxf6 Qxf6 15.Bf3 Bg6
16.e4 O-O 17.Bg2 Qc3 18.Rc1 Nc5 19.Qe2 Rad8 20.h4 Kh8 21.Rfd1 h6 22.h5 Bh7
23.Qe1 Rd7 24.f4 Rfd8 25.exd5 cxd5 26.Nf3 Ne4 27.Ne5 Rc7 28.Bxe4 Qxe1+ 29.Rxe1 Bxe4
30.c4 Rdc8 31.Kf2 Kg8 32.Ke3 Bh7 33.Kd4 b6 34.Rc3 Rd8 35.c5 bxc5+ 36.Rxc5 Rxc5
37.Kxc5 Rb8 38.Re3 Bc2 39.Nc6 Ra8 40.Nd4 Bd1 41.Rxe6 Bxh5 42.Rd6 Rb8 43.Rb6 Ra8
44.Kxd5 Bd1 45.Kc5 h5 46.Kc4 Kh7 47.Kc3 Bg4 48.Rb5 g6 49.Rc5 Re8 50.Kd3 Re1
51.Rc3 Re8 52.Nc6 Ra8 53.Kd4 Be6 54.Kc5 Rc8 55.Rd3 Bf5 56.Rd8 Rxd8 57.Nxd8 Bc2
58.Kc4 g5 59.fxg5 Kg6 60.Ne6 Bf5 61.Nd4 Bd7 62.Kd3 Kxg5 63.Ke3 Kg4 64.Kf2 Be8
65.Nf3 Kf5 66.Nd2 Ke5 67.Ke3 Kd5 68.Kd3 Bg6+ 69.Ke3 Kc5 70.Nc4 Kb4 71.Kf4 Bc2
72.g4 hxg4 73.Kxg4  1/2-1/2

[Event "6th ch-PriFO Men"]
[Site "Kazan RUS"]
[Date "2008.01.26"]
[Round "4"]
[White "Naumov,F"]
[Black "Mullin,Z"]
[Result "1-0"]
[WhiteElo "2098"]
[BlackElo "2050"]

1.Nf3 d5 2.g3 Nf6 3.Bg2 c6 4.O-O Bf5 5.d3 Nbd7 6.Nbd2 e5 7.Re1 Bc5 8.e4 dxe4
9.dxe4 Be6 10.Nb3 Bxb3 11.axb3 Ng4 12.Be3 Nxe3 13.fxe3 Qb6 14.Qe2 O-O 15.Nd2 a6
16.c3 Rad8 17.b4 Be7 18.Nf3 Rfe8 19.Rad1 Bf8 20.Ng5 h6 21.Nxf7 Kxf7 22.Qc4+ Kg6
23.Bh3 Nb8 24.Bf5+ Kf6 25.Rxd8 Qxd8 26.Rf1 h5 27.Bd7+ Kg5 28.Rf5+ Kh6 29.Bxe8 Qd1+
30.Rf1 Qd6  1-0

[Event "ch-Kyiv Men"]
[Site "Kyiv UKR"]
[Date "2008.01.26"]
[Round "6"]
[White "Ianov,V"]
[Black "Burdalev,K"]
[Result "1/2-1/2"]
[WhiteElo "2363"]
[BlackElo "2157"]

1.Nf3 d5 2.g3 Nf6 3.Bg2 c6 4.O-O Bg4 5.b3 Nbd7 6.Bb2 e6 7.d3 Be7 8.Nbd2 O-O
9.h3 Bh5 10.Qe1 h6 11.e4 a5 12.a3 b5 13.Nh2 dxe4 14.dxe4 e5 15.Ndf3 Qc7 16.Nh4 Rfe8
17.Bf3 Bxf3 18.N4xf3 Bf8 19.Ng4 Nxg4 20.hxg4 a4 21.Qe2 Nb6 22.Kg2 f6 23.Nh4 Qf7
24.Qe3 Nd7 25.Nf5 axb3 26.cxb3 Nc5 27.b4 Na4 28.Bc1 Rad8  1/2-1/2

[Event "Open"]
[Site "Marianske Lazne CZE"]
[Date "2008.01.26"]
[Round "9"]
[White "Kozak,Mi"]
[Black "Scibior,A"]
[Result "1-0"]
[WhiteElo "2181"]
[BlackElo "2124"]

1.Nf3 d5 2.g3 Nf6 3.Bg2 c6 4.O-O Bf5 5.d3 e6 6.Nbd2 h6 7.Qe1 Be7 8.e4 dxe4
9.dxe4 Bh7 10.Ne5 O-O 11.f4 Nbd7 12.Nxd7 Qxd7 13.Qe2 Rfd8 14.Kh1 Qd4 15.a4 Qc5
16.Nb3 Qb6 17.Bd2 Bb4 18.a5  1-0

[Event "IMB2"]
[Site "Marianske Lazne CZE"]
[Date "2008.01.26"]
[Round "10"]
[White "Zemerov,V"]
[Black "Bartos,J"]
[Result "1-0"]
[WhiteElo "2341"]
[BlackElo "2227"]

1.Nf3 d5 2.g3 Nf6 3.d4 Bf5 4.c4 c6 5.Nbd2 e6 6.Bg2 h6 7.O-O Nbd7 8.Qb3 Qb6
9.c5 Qxb3 10.axb3 Be7 11.b4 a6 12.Nb3 g5 13.Na5 Rb8 14.Re1 Ne4 15.Nd2 Bf6
16.Ndb3 Bg7 17.f3 Nef6 18.e4 Bg6 19.h4 dxe4 20.fxe4 Nh7 21.d5 Ne5 22.Nd4 Nd3
23.Be3 Nxe1 24.Rxe1 Be5 25.Bf2 O-O 26.dxc6 bxc6 27.Naxc6 Bxd4 28.Bxd4 Rb7
29.Bc3 Rfb8 30.Na5 Rd7 31.Bf1 Ra8 32.c6 Rd6 33.Be5 Rd2 34.Nc4 Rc2 35.Bd3  1-0

[Event "13th HIT Open A"]
[Site "Nova Gorica SLO"]
[Date "2008.01.28"]
[Round "4"]
[White "Markus,Rob"]
[Black "Hera,I"]
[Result "1/2-1/2"]
[WhiteElo "2575"]
[BlackElo "2526"]

1.Nf3 d5 2.g3 Nf6 3.Bg2 c6 4.O-O Bg4 5.d3 Nbd7 6.Nbd2 e5 7.e4 Bd6 8.h3 Bh5
9.Qe1 O-O 10.Nh4 Re8 11.Nb3 a5 12.a4 Bb4 13.Bd2 Bxd2 14.Qxd2 dxe4 15.dxe4 Qc7
16.Qc3 Nf8 17.Rfe1 Ne6 18.Bf3 Bxf3 19.Nxf3 Nd7 20.Red1 b6 21.Rd2 Ndc5 22.Qc4 Nxb3
23.cxb3 Rad8 24.Rad1 Rxd2 25.Rxd2 h6 26.b4 axb4 27.Qxb4 Ra8 28.b3 Ra5 29.Qd6 Qxd6
30.Rxd6 Rc5 31.b4  1/2-1/2

[Event "Winter Open"]
[Site "Belgrade SRB"]
[Date "2008.01.29"]
[Round "8"]
[White "Chelushkina,I"]
[Black "Kerecki,L"]
[Result "1-0"]
[WhiteElo "2357"]
[BlackElo "2169"]

1.g3 d5 2.Nf3 c6 3.Bg2 Bf5 4.d3 Nf6 5.O-O h6 6.Nbd2 e6 7.c4 Nbd7 8.b3 Bd6
9.Bb2 Qe7 10.e4 dxe4 11.dxe4 Bg4 12.h3 Bxf3 13.Nxf3 Ba3 14.Bxa3 Qxa3 15.e5 Ne4
16.Nd4 Nec5 17.Nc2 Qb2 18.b4 Na4 19.Nd4 Nc3 20.Qb3 Ne2+ 21.Nxe2 Qxe2 22.f4 Nb6
23.Rac1 O-O-O 24.Rf2 Qd3 25.Bf1 Qxb3 26.axb3 g6 27.b5 cxb5 28.c5 Nd5 29.Bxb5 Ne3
30.c6 bxc6 31.Rxc6+ Kb8 32.Rd6 Nf5 33.Rxd8+ Rxd8 34.g4 Nd4 35.Bc4 Nc6 36.Bb5 Nd4
37.Ba4 Kb7 38.Kg2 Kb6 39.Rd2 Kc5 40.Kf2 Rb8 41.Rd3 Rb7 42.Rc3+ Kd5 43.Ke3 g5
44.Rc8 gxf4+ 45.Kxf4 Rb4 46.Rd8+ Kc5 47.Kg3 Nxb3 48.Be8 Rb7 49.h4 Nd4 50.Rc8+ Kd5
51.Kf4 a5 52.Rd8+ Kc5 53.Ke4 Nb3 54.Rc8+ Kb4 55.g5 h5 56.Kd3 a4 57.Rc4+ Ka3
58.Rxa4+ Kb2 59.Rf4 Nc5+ 60.Ke3 Rb3+ 61.Kd2 Nd3 62.Re4 Nf2 63.Re3 Rb7 64.Rf3 Ng4
65.Rxf7 Rxf7 66.Bxf7 Nxe5 67.Bxh5 Kb3 68.Ke3 Nc6 69.Bf7  1-0

[Event "6th Gibtelecom Masters"]
[Site "Gibraltar ENG"]
[Date "2008.01.29"]
[Round "8"]
[White "Foisor,C"]
[Black "Revesz,Z"]
[Result "1-0"]
[WhiteElo "2412"]
[BlackElo "2283"]

1.Nf3 d5 2.g3 c6 3.Bg2 Bg4 4.d3 Nd7 5.Nbd2 Ngf6 6.O-O e5 7.e4 Bd6 8.h3 Bh5
9.Qe2 O-O 10.Rd1 Re8 11.g4 Bg6 12.Nh4 dxe4 13.dxe4 Qc7 14.Nf1 Nc5 15.Nf5 Bf8
16.N1g3 Ne6 17.g5 Nf4 18.Bxf4 exf4 19.gxf6 fxg3 20.Nxg3 gxf6 21.h4 Bc5 22.Qf3 h6
23.h5 Bh7 24.b4 Bb6 25.c3 Qe5 26.Rd7 Rad8 27.Rad1 Rxd7 28.Rxd7 Qe6 29.Rd2 Kh8
30.Qf4 Rg8 31.Rd3 Rg5 32.Kh2 Kg7 33.Bh3 Qxa2 34.Rf3 f5 35.Bxf5 Bxf5 36.Nxf5+ Kh7
37.Ng3 Rg7 38.Qf5+ Kh8 39.Qf6 Qe6 40.Qxe6 fxe6 41.Rf6 Kh7 42.Kg2 Re7 43.e5 c5
44.f4 cxb4 45.cxb4 a6 46.Kf3 Bd4 47.Ne4 b6 48.Rg6  1-0

[Event "Kots Mem"]
[Site "Donetsk UKR"]
[Date "2008.01.30"]
[Round "13"]
[White "Serik,M"]
[Black "Prihotko,A"]
[Result "1/2-1/2"]
[WhiteElo "2282"]
[BlackElo "2340"]

1.Nf3 d5 2.g3 Nf6 3.Bg2 Bf5 4.d3 h6 5.O-O c6 6.c4 e6 7.b3 Be7 8.Bb2 O-O 9.Nbd2 Nbd7
10.Re1 Bh7  1/2-1/2

[Event "6th Gibtelecom Masters"]
[Site "Gibraltar ENG"]
[Date "2008.01.30"]
[Round "9"]
[White "Berczes,D"]
[Black "Nadig,K"]
[Result "1-0"]
[WhiteElo "2429"]
[BlackElo "2208"]

1.Nf3 d5 2.g3 c5 3.Bg2 Nc6 4.d4 Nf6 5.O-O e6 6.c4 dxc4 7.dxc5 Qxd1 8.Rxd1 Bxc5
9.Nbd2 c3 10.bxc3 O-O 11.Nb3 Be7 12.Nfd4 Ne5 13.Na5 Nd5 14.Bf4 Bf6 15.Rac1 Nxf4
16.gxf4 Ng6 17.e3 Rb8 18.Rb1 Bxd4 19.Rxd4 b6 20.Nc6 Rb7 21.Ra4 Bd7 22.Rxa7 Rxa7
23.Nxa7 Rb8 24.c4 e5 25.c5 exf4 26.c6 Be6 27.c7 Rf8 28.Rxb6 fxe3 29.fxe3 Ne7
30.Rb8 Bxa2 31.Nc6  1-0

[Event "ch-Kyiv Men"]
[Site "Kyiv UKR"]
[Date "2008.01.30"]
[Round "10"]
[White "Ianov,V"]
[Black "Baklanova,T"]
[Result "1-0"]
[WhiteElo "2363"]
[BlackElo "2257"]

1.g3 d5 2.Nf3 c5 3.Bg2 Nc6 4.O-O e5 5.c4 d4 6.d3 f6 7.e3 Bg4 8.h3 Be6 9.exd4 cxd4
10.Re1 Qd7 11.Na3 Nge7 12.h4 a5 13.Nb5 Nd8 14.Rxe5 Nec6 15.Re4 Bc5 16.Bf4 Rc8
17.a3 O-O 18.b4 axb4 19.axb4 Nxb4 20.Nfxd4 Bg4 21.Qb3 Nf7 22.Bd2 Nc6 23.Be3 f5
24.Rf4 Nce5 25.Bd5 Rfe8 26.Nxf5 Bxf5 27.d4 Nd3 28.Rf3 Bf8 29.Bd2 Nxf2 30.Rxf2 Be6
31.Bxe6 Qxe6 32.Rc1 Nh6 33.Bxh6 Qxh6 34.c5+ Kh8 35.Rcf1 b6 36.Nc7 g5 37.Nxe8 Rxe8
38.hxg5  1-0

[Event "13th HIT Open A"]
[Site "Nova Gorica SLO"]
[Date "2008.01.30"]
[Round "7"]
[White "Hera,I"]
[Black "Predojevic,B"]
[Result "0-1"]
[WhiteElo "2526"]
[BlackElo "2641"]

1.Nf3 d5 2.g3 g6 3.Bg2 Bg7 4.O-O e5 5.c4 c6 6.cxd5 cxd5 7.d3 Ne7 8.e4 O-O
9.Nc3 dxe4 10.dxe4 Nbc6 11.Qb3 Be6 12.Qxb7 Qa5 13.b4 Qxb4 14.Qxb4 Nxb4 15.Bd2 Rab8
16.a4 a6 17.a5 Nec6 18.Rfc1 Nd3 19.Rcb1 Nc5 20.Be3 Nb3 21.Ra3 Nbxa5 22.Nd2 Rxb1+
23.Ncxb1 Rb8 24.Bf1 Bf8 25.Ra4 Rb2 26.Bxa6 Bb4 27.Bd3 Nd4 28.Kg2 Kg7 29.h4 h5
30.f4 Bd7 31.Rxb4 Rxb4 32.fxe5 Nac6 33.Nc3 Nxe5 34.Nd5 Rb2 35.Bxd4 Rxd2+
36.Kf1 f6 37.Bxe5 fxe5 38.Be2 Bc6  0-1

[Event "4th Open A"]
[Site "Moscow RUS"]
[Date "2008.02.02"]
[Round "1"]
[White "Belous,V"]
[Black "Geller,J"]
[Result "0-1"]
[WhiteElo "2312"]
[BlackElo "2511"]

1.Nf3 d5 2.g3 Nf6 3.Bg2 c6 4.O-O Bg4 5.d3 Nbd7 6.c4 e6 7.Nc3 Be7 8.cxd5 cxd5
9.Qb3 O-O 10.Be3 Bxf3 11.exf3 Nc5 12.Bxc5 Bxc5 13.Qxb7 Rb8 14.Qa6 Qe7 15.b3 Rb6
16.Qa4 Qb7 17.Rac1 Rc8 18.Rc2 Bb4 19.Rfc1 Rbc6 20.Nxd5 Rxc2 21.Rxc2 Nxd5
22.Rc4 g6 23.f4 Bf8 24.h4 Rd8 25.h5 Qb8 26.Rc1 Nb4 27.hxg6 hxg6 28.Bf1 Qb6
29.Rd1 Bc5 30.Rd2 Bd4 31.a3 Nd5 32.Re2 Nc3  0-1

[Event "4th Open C Women"]
[Site "Moscow RUS"]
[Date "2008.02.03"]
[Round "2"]
[White "Fominykh,M"]
[Black "Bavina,L"]
[Result "1-0"]
[WhiteElo "2305"]
[BlackElo "1945"]

1.Nf3 d5 2.g3 Nd7 3.d4 Ngf6 4.Bg2 c6 5.O-O g6 6.c4 Bg7 7.cxd5 cxd5 8.Nc3 O-O
9.Bf4 a6 10.Rc1 Nb6 11.b3 Nh5 12.Bd2 Qd6 13.a4 Be6 14.a5 Nd7 15.e4 dxe4 16.Nxe4 Qb8
17.Bb4 Re8 18.Re1 Bd5 19.Bh3 Ndf6 20.Nc3 e6 21.Na4 Qd8 22.Nb6 Rb8 23.Ne5 Bf8  1-0

[Event "4th Open A"]
[Site "Moscow RUS"]
[Date "2008.02.05"]
[Round "4"]
[White "Kunin,V"]
[Black "Krivoborodov,E"]
[Result "1/2-1/2"]
[WhiteElo "2538"]
[BlackElo "2394"]

1.Nf3 d5 2.g3 Bg4 3.Bg2 Nd7 4.d4 e6 5.O-O Bd6 6.Nbd2 Ngf6 7.Re1 O-O 8.e4 dxe4
9.Nxe4 Nxe4 10.Rxe4 Nf6 11.Re1 c5 12.c3 Qb6 13.Be3 Nd5 14.dxc5 Bxc5 15.Bxc5 Qxc5
16.Qd4 Qxd4 17.Nxd4 Rad8 18.Re5 g6 19.h3 Bf5 20.Nxf5 gxf5 21.Bxd5 Rxd5 22.Rxd5 exd5
23.Re1 Rd8 24.Re7 d4 25.cxd4 Rxd4 26.Rxb7 Rd2 27.a3 a6 28.Kg2 Kg7 29.Rb6 a5
30.Kf3 a4 31.h4 f6 32.Rb4 Kg6 33.Ke3 Rc2 34.Rxa4 Rxb2 35.Rb4 f4+ 36.Kd3 Rxf2
37.Rxf4 Ra2 38.a4 Ra3+ 39.Kc2 Rxg3 40.Kb2 f5 41.a5 Kh5 42.a6 Rg7 43.Ra4 Ra7
44.Kc3 f4 45.Kd3 Kxh4  1/2-1/2

[Event "4th Open A"]
[Site "Moscow RUS"]
[Date "2008.02.05"]
[Round "4"]
[White "Gorbatov,A"]
[Black "Zakharchenko,A"]
[Result "1-0"]
[WhiteElo "2384"]
[BlackElo "2309"]

1.Nf3 d5 2.g3 c5 3.Bg2 Nc6 4.d4 Bg4 5.Ne5 Bh5 6.c4 e6 7.Qa4 cxd4 8.Nxc6 Qd7
9.cxd5 exd5 10.Qxd4 Qxc6 11.O-O Nf6 12.Bg5 Be7 13.Nc3 O-O 14.Nxd5 Nxd5 15.Bxe7  1-0

[Event "4th Open A"]
[Site "Moscow RUS"]
[Date "2008.02.06"]
[Round "5"]
[White "Stukopin,A"]
[Black "Safin,S"]
[Result "0-1"]
[WhiteElo "2342"]
[BlackElo "2493"]

1.Nf3 d5 2.g3 Bg4 3.Bg2 Nd7 4.h3 Bh5 5.O-O Ngf6 6.d3 e5 7.Nbd2 Bd6 8.e4 c6
9.Qe2 O-O 10.b3 Re8 11.Bb2 Qc7 12.Rfe1 b5 13.a4 a6 14.axb5 axb5 15.g4 Rxa1
16.Bxa1 Bg6 17.Nh4 Nf8 18.exd5 Nxd5 19.d4 Nf4 20.Qd1 Nxg2 21.Nxg2 e4 22.f3 Bh2+
23.Kh1 Bg3 24.Re2 f5 25.fxe4 fxe4 26.Nf1 Bd6 27.d5 Bc5 28.dxc6 Rd8 29.Rd2 Ra8
30.Bd4 Qxc6 31.Bxc5 Qxc5 32.Rd8 Rxd8 33.Qxd8 Qxc2 34.Qd5+ Bf7 35.Qxb5 Qxb3
36.Nfe3 Qc3  0-1

[Event "16th FAJR Open"]
[Site "Urmia IRI"]
[Date "2008.02.06"]
[Round "6"]
[White "Ghaem Maghami,E"]
[Black "Nasri,A"]
[Result "1-0"]
[WhiteElo "2589"]
[BlackElo "2348"]

1.Nf3 d5 2.g3 e6 3.Bg2 Nf6 4.O-O Be7 5.c4 O-O 6.d4 c6 7.Qc2 b6 8.Rd1 Ba6
9.b3 Nbd7 10.Nc3 Rc8 11.e4 Ne8 12.Bf4 Nc7 13.Bf1 Bb7 14.h4 Re8 15.Bd3 Nf8
16.a3 Bf6 17.Rac1 h6 18.b4 dxc4 19.Bxc4 Ng6 20.Be3 Qd7 21.Qe2 Red8 22.Nh2 Be7
23.Ng4 Ne8 24.f4 Nf6 25.Ne5  1-0

[Event "Velammal 45th National A ch-IND"]
[Site "Chennai IND"]
[Date "2008.02.07"]
[Round "5"]
[White "Sivanandan,B1"]
[Black "Ashwath,R"]
[Result "1/2-1/2"]
[WhiteElo "2373"]
[BlackElo "2332"]

1.Nf3 d5 2.g3 c6 3.Bg2 Bg4 4.d3 Nd7 5.Nbd2 e5 6.e4 dxe4 7.dxe4 Ngf6 8.h3 Bh5
9.O-O Bc5 10.Qe1 O-O 11.a4 Re8 12.Nc4 Qc7 13.Nh4 a5 14.Bg5 Re6 15.Kh1 Bf8
16.b3 Nc5 17.Bd2 b6 18.Bc3 Rae8 19.Qe3 Nfd7 20.g4 Bg6 21.Nf5 Rd8 22.Rfd1 Ree8
23.Qg3 f6 24.Nfd6 Re6 25.Nf5 Ree8 26.Nfd6 Re6 27.Nf5  1/2-1/2

[Event "16th FAJR Open"]
[Site "Urmia IRI"]
[Date "2008.02.07"]
[Round "8"]
[White "Mirumian,V"]
[Black "Nasri,A"]
[Result "1/2-1/2"]
[WhiteElo "2525"]
[BlackElo "2348"]

1.Nf3 d5 2.g3 c5 3.Bg2 Nc6 4.d4 e6 5.O-O Nf6 6.c4 Be7 7.cxd5 Nxd5 8.dxc5 Bxc5
9.a3 O-O 10.Qc2 Be7 11.e4 Nf6 12.Rd1 Qa5 13.Nc3 Qh5 14.Bg5 h6 15.Bxf6 Bxf6
16.h3 Kh8 17.Qd2  1/2-1/2

[Event "16th FAJR Open"]
[Site "Urmia IRI"]
[Date "2008.02.07"]
[Round "9"]
[White "Soozankar,A"]
[Black "Abedi,Ab"]
[Result "1/2-1/2"]
[WhiteElo "2253"]
[BlackElo "2161"]

1.Nf3 d5 2.g3 Nf6 3.Bg2 g6 4.b3 Bg7 5.Bb2 O-O 6.O-O c5 7.c4 Nc6 8.cxd5 Nxd5
9.Bxg7 Kxg7 10.Qc1 b6 11.Qb2+ Kg8 12.d4 cxd4 13.Nxd4 Nxd4 14.Qxd4 Bb7 15.Rd1 e6
16.Nc3 Nxc3 17.Qxc3 Qe7 18.Bxb7 Qxb7 19.Qf6 Rfe8 20.Rd6 Qe7 21.Qxe7 Rxe7
22.Rc1 Kf8 23.Rc4 Ke8 24.Rh4 f5 25.g4 Rc8 26.gxf5 exf5 27.e3 Rc1+ 28.Kg2 Rc2
29.Ra4 Kf7 30.Kg3 Rec7 31.Rd8 Rb2 32.Ra8 a5 33.Rb8 Rcc2 34.Rb7+ Kf6 35.Rxb6+ Kg5
36.h4+ Kh5 37.Rb7 h6 38.Rf4 Rc3 39.Ra4 Rcc2  1/2-1/2

[Event "4th Open A"]
[Site "Moscow RUS"]
[Date "2008.02.08"]
[Round "7"]
[White "Iljushin,A"]
[Black "Reshetnikov,A"]
[Result "1-0"]
[WhiteElo "2549"]
[BlackElo "2388"]

1.Nf3 d5 2.g3 Nf6 3.Bg2 c6 4.O-O Bf5 5.d3 e6 6.Nbd2 h6 7.b3 Be7 8.Bb2 O-O
9.Re1 Bh7 10.e4 a5 11.a3 Na6 12.Qe2 Nc5 13.Ne5 Rc8 14.Rad1 Re8 15.f4 Qb6
16.Kh1 Rcd8 17.exd5 cxd5 18.Ndf3 Ncd7 19.a4 Bc5 20.Bh3 Nxe5 21.fxe5 Nd7 22.g4 Nf8
23.g5 hxg5 24.Nxg5 Bg6 25.Bg4 Be7 26.Nf3 Rc8 27.Rg1 Red8 28.Rg2 Bc5 29.h4 Re8
30.h5 Bh7 31.Bc1 Bd4 32.c4 f6 33.cxd5 Bf5 34.Bh6  1-0

[Event "4th Open A"]
[Site "Moscow RUS"]
[Date "2008.02.08"]
[Round "7"]
[White "Kachko,A"]
[Black "Yakovich,Yur"]
[Result "1/2-1/2"]
[WhiteElo "2419"]
[BlackElo "2595"]

1.Nf3 d5 2.g3 Bg4 3.Bg2 Nd7 4.O-O Ngf6 5.d3 e5 6.Nbd2 Bc5 7.e4 dxe4 8.Nxe4 Nxe4
9.dxe4 O-O 10.h3 Be6 11.Qe2 f6 12.Be3 c6 13.Rfd1 Bxe3 14.Qxe3 Qe7 15.Nd2 Rfd8
16.a3 Nc5 17.Nf1 b5 18.Qe1 Qc7 19.Rxd8+ Rxd8 20.Rd1 a5 21.Rxd8+ Qxd8 22.Qd2 Qxd2
23.Nxd2 Na4 24.b3 Nc3 25.Bf1 Kf7 26.f3  1/2-1/2

[Event "4th Open C Women"]
[Site "Moscow RUS"]
[Date "2008.02.09"]
[Round "8"]
[White "Miloserdova,I"]
[Black "Kalmykova,A"]
[Result "1-0"]
[WhiteElo "2015"]
[BlackElo "2124"]

1.Nf3 d5 2.g3 Nf6 3.Bg2 Bg4 4.O-O Nbd7 5.d4 e6 6.Nbd2 Bd6 7.c4 c6 8.b3 O-O
9.Bb2 Qc7 10.Re1 Rfe8 11.h3 Bh5 12.g4 Bg6 13.Nh4 Be4 14.Nxe4 Nxe4 15.Bxe4 dxe4
16.e3 Be7 17.Ng2 f5 18.f4 exf3 19.Qxf3 fxg4 20.Qxg4 Bf6 21.e4 e5 22.d5 Nc5
23.Rf1 Rf8 24.Rad1 Rad8 25.Rf5 g6 26.Rf3 Qa5 27.a4 Qb6 28.Kh1 Bg7 29.Rdf1 Rxf3
30.Rxf3 cxd5 31.cxd5 Qb4 32.Re3 Re8 33.h4 Qb6 34.Rg3 Nxb3 35.h5 Nc5 36.hxg6 hxg6
37.Ba3 Rf8 38.Bxc5 Qxc5 39.Qe6+ Rf7 40.Rxg6 Qe7 41.Qg4 Qd7 42.Re6 Qxa4 43.Kh2 Qd7
44.Qg6 Rf8 45.Rxe5 Qf7 46.Qg3 Qc7 47.Rg5 Qxg3+ 48.Kxg3 Kf7 49.Nh4 Bf6 50.Rf5 Rg8+
51.Kf4 Ke7 52.Nf3 Bc3 53.Rh5 Rf8+ 54.Ke3 a5 55.e5 a4 56.Rh7+ Rf7 57.d6+ Ke8
58.Rh8+ Rf8 59.d7+ Ke7 60.Rxf8  1-0

[Event "4th Open C Women"]
[Site "Moscow RUS"]
[Date "2008.02.09"]
[Round "8"]
[White "Danielian,E"]
[Black "Gunina,V"]
[Result "1-0"]
[WhiteElo "2480"]
[BlackElo "2295"]

1.Nf3 d5 2.g3 Nf6 3.Bg2 c5 4.O-O Nc6 5.d4 Bg4 6.Ne5 Bh5 7.Nxc6 bxc6 8.c4 e6
9.Nc3 Rc8 10.Bg5 Be7 11.dxc5 O-O 12.cxd5 cxd5 13.b4 h6 14.Be3 Ng4 15.Bf4 d4
16.Nb5 e5 17.h3 Nxf2 18.Rxf2 exf4 19.g4 Bg6 20.Nxa7 Rxc5 21.bxc5 Bxc5 22.Nc6 Qd6
23.Rc1 f3 24.Bxf3 Bb6 25.Qb3 Bc7 26.Qb4 Qg3+ 27.Rg2 Qf4 28.Ne7+ Kh7 29.Rxc7 Qxc7
30.Nd5  1-0

[Event "4th Open A"]
[Site "Moscow RUS"]
[Date "2008.02.09"]
[Round "8"]
[White "Prihotko,A"]
[Black "Paveliev,A"]
[Result "0-1"]
[WhiteElo "2340"]
[BlackElo "2423"]

1.Nf3 d5 2.g3 Nc6 3.d4 Bg4 4.Bg2 Qd7 5.O-O O-O-O 6.Nbd2 Bh3 7.Bxh3 Qxh3 8.c4 e6
9.Qa4 Nf6 10.Rd1 Ne4 11.Nxe4 dxe4 12.Ng5 Qf5 13.Be3 Be7 14.d5 Nb8 15.d6 Bxg5
16.dxc7 Kxc7 17.Bxa7 Rxd1+ 18.Rxd1 Rd8 19.Rxd8 Bxd8 20.b4 Nd7 21.Be3 Bg5
22.Bd4 e3 23.fxe3 Bf6 24.b5 Qe4 25.b6+ Kc8 26.Qa8+ Nb8 27.Qa3 g6  0-1